[Event "Barcelona Sant Marti op-B 24th"]
[Site "Barcelona"]
[Date "2024.07.16"]
[Round "4"]
[White "Dawda, Vihaan"]
[Black "Esteve Cantero, Marc"]
[Result "1-0"]
[WhiteElo "1801"]
[BlackElo "1888"]
[PlyCount "105"]
[EventDate "2024.07.13"]
[EventType "swiss"]
[EventRounds "9"]
[EventCountry "ESP"]
[SourceTitle "EXT 2025"]
[Source "ChessBase"]
[SourceDate "2024.10.14"]
[SourceVersion "1"]
[SourceVersionDate "2024.10.14"]
[SourceQuality "1"]

1. e4 c6 2. d4 d5 3. e5 c5 4. dxc5 e6 5. a3 Bxc5 6. Nf3 Nc6 7. b4 Bb6 8. Bb2 a6 9. Bd3 Nge7 10. 0-0 Ng6 11. g3 0-0 12. Nbd2 Qe8 13. c4 Bc7 14. Re1 dxc4 15. Nxc4 Qe7 16. h4 Rd8 17. h5 Nf8 18. Qe2 b5 19. Ne3 Bb7 20. Ng4 Bb6 21. Red1 h6 22. Rac1 Rac8 23. Rc2 Ba8 24. Kh2 Qb7 25. Be4 Rxd1 26. Qxd1 Qd7 27. Qc1 Bd8 28. Qf4 Na7 29. Rd2 Qe7 30. Bxa8 Rxa8 31. Bd4 Qb7 32. Nf6+ gxf6 33. exf6 Kh7 34. Be3 Bxf6 35. Qxh6+ Kg8 36. Qxf6 Nh7 37. Qf4 Nc6 38. h6 Ne7 39. Ne5 Ng6 40. Nxg6 fxg6 41. Qe5 Rf8 42. Qxe6+ Qf7 43. Qxf7+ Rxf7 44. g4 Nf6 45. f3 Rd7 46. g5 Rxd2+ 47. Bxd2 Nd5 48. Kg3 Nb6 49. Kf4 Nc4 50. Bc1 a5 51. Ke4 axb4 52. axb4 Nd6+ 53. Kd5 1-0

[Event "Barcelona Sant Marti op-B 24th"]
[Site "Barcelona"]
[Date "2024.07.13"]
[Round "1"]
[White "Esteve Cantero, Marc"]
[Black "Casali Mata, Kevin"]
[Result "1-0"]
[WhiteElo "1888"]
[BlackElo "1699"]
[PlyCount "65"]
[EventDate "2024.07.13"]
[EventType "swiss"]
[EventRounds "9"]
[EventCountry "ESP"]
[SourceTitle "EXT 2025"]
[Source "ChessBase"]
[SourceDate "2024.10.14"]
[SourceVersion "1"]
[SourceVersionDate "2024.10.14"]
[SourceQuality "1"]

1. Nf3 d5 2. d4 Nf6 3. c4 e6 4. g3 Be7 5. Bg2 0-0 6. 0-0 b6 7. Nc3 Bb7 8. Qc2 Nbd7 9. Bf4 c5 10. Rad1 cxd4 11. Rxd4 Bc5 12. Rd2 Re8 13. Ne5 Nxe5 14. Bxe5 Nd7 15. Bd4 Bxd4 16. Rxd4 Nf6 17. cxd5 exd5 18. e4 Qc7 19. exd5 Rad8 20. Qd2 a6 21. Rd1 Rd6 22. Ne4 Nxe4 23. Bxe4 Qd7 24. Qd3 g6 25. h4 Rd8 26. Qd2 Kg7 27. Bg2 h6 28. Kh2 Bc8 29. Qc3 Kh7 30. Rc4 Qf5 31. Rdd4 Bb7 32. Rf4 Qd7 33. Rc7 1-0

[Event "Barcelona Sant Marti op 10th"]
[Site "Barcelona"]
[Date "2023.02.09"]
[Round "5"]
[White "Montoliu Delgado, Isaac"]
[Black "Esteve Cantero, Marc"]
[Result "1-0"]
[WhiteElo "1982"]
[BlackElo "1770"]
[PlyCount "95"]
[EventDate "2023.01.12"]
[EventType "swiss"]
[EventRounds "9"]
[EventCountry "ESP"]
[SourceTitle "CBM 213 Extra"]
[Source "ChessBase"]
[SourceDate "2023.05.31"]
[SourceVersion "1"]
[SourceVersionDate "2023.05.31"]
[SourceQuality "1"]

1. d4 Nf6 2. c4 e6 3. Nc3 Bb4 4. Bd2 d5 5. e3 0-0 6. Nf3 b6 7. cxd5 exd5 8. Bd3 Bb7 9. Rc1 a6 10. 0-0 Nbd7 11. Bb1 Bd6 12. Qc2 Ne4 13. Rfd1 Ndf6 14. Be1 Re8 15. Nd2 Nxd2 16. Qxd2 Ne4 17. Nxe4 dxe4 18. b4 Re6 19. a4 Rh6 20. g3 Qd7 21. f4 exf3 22. e4 Qh3 23. e5 Bxb4 24. Qf2 Bxe1 25. Rxe1 Rc8 26. Be4 Bxe4 27. Rxe4 f5 28. Rf4 Qg2+ 29. Qxg2 fxg2 30. Rxf5 c5 31. d5 Rf8 32. Rxf8+ Kxf8 33. Kxg2 Ke7 34. g4 Rg6 35. Kf3 b5 36. axb5 axb5 37. Rxc5 Rb6 38. Rc7+ Kd8 39. Rxg7 b4 40. Ra7 b3 41. Ra1 b2 42. Rb1 Rb5 43. Ke4 Ke7 44. h4 h6 45. g5 h5 46. g6 Rb6 47. Kf5 Rb5 48. d6+ 1-0

[Event "Barcelona Sant Marti op 10th"]
[Site "Barcelona"]
[Date "2023.01.26"]
[Round "3"]
[White "Romero Funieles, Rafael de Jesus"]
[Black "Esteve Cantero, Marc"]
[Result "0-1"]
[WhiteElo "1540"]
[BlackElo "1770"]
[PlyCount "78"]
[EventDate "2023.01.12"]
[EventType "swiss"]
[EventRounds "9"]
[EventCountry "ESP"]
[SourceTitle "CBM 213 Extra"]
[Source "ChessBase"]
[SourceDate "2023.05.31"]
[SourceVersion "1"]
[SourceVersionDate "2023.05.31"]
[SourceQuality "1"]

1. c4 e5 2. e4 Nc6 3. Nf3 Nf6 4. Nc3 Bc5 5. Be2 d6 6. 0-0 a5 7. d3 h6 8. a3 Bg4 9. Nd5 Bxf3 10. Bxf3 Nd4 11. Be3 c6 12. Bxd4 Bxd4 13. Nxf6+ Qxf6 14. Rb1 0-0 15. b4 axb4 16. axb4 b5 17. Qb3 Qe6 18. h3 Rfb8 19. Bg4 Qe7 20. cxb5 Rxb5 21. Qc4 Qb7 22. Kh1 c5 23. f4 Rf8 24. fxe5 Bxe5 25. Bh5 Rxb4 26. Rxb4 cxb4 27. d4 Bf6 28. Bf3 Rc8 29. Qd3 Rc3 30. Qd2 Qc7 31. Bh5 b3 32. Qb2 Qc4 33. Be2 Qxd4 34. Qa3 b2 35. Qa8+ Kh7 36. e5 Qxe5 37. Bd3+ Rxd3 38. Qb7 Rc3 39. Qxf7 Rc1 0-1

[Event "Mollet del Valles op 2nd"]
[Site "Mollet del Valles"]
[Date "2011.05.14"]
[Round "3"]
[White "Esteve Cantero, Marc"]
[Black "Garcia Lopez, Nicolas"]
[Result "1-0"]
[WhiteElo "1718"]
[BlackElo "1788"]
[PlyCount "109"]
[EventDate "2011.04.30"]
[EventType "swiss"]
[EventRounds "8"]
[EventCountry "ESP"]
[SourceTitle "EXT 2024"]
[Source "ChessBase"]
[SourceDate "2023.10.10"]
[SourceVersion "1"]
[SourceVersionDate "2023.10.10"]
[SourceQuality "1"]

1. c4 Nf6 2. Nc3 c5 3. Nf3 Nc6 4. g3 d5 5. cxd5 Nxd5 6. Bg2 Nc7 7. d3 e5 8. 0-0 Bd7 9. a3 Be7 10. Qc2 0-0 11. Ne4 Ne6 12. Be3 Ned4 13. Bxd4 Nxd4 14. Nxd4 cxd4 15. Qb3 Bc6 16. Rac1 Qa5 17. Qc2 Rac8 18. b4 Qb6 19. Qa2 a5 20. Rb1 axb4 21. axb4 Ra8 22. Qb2 Ra4 23. Nc5 Bxc5 24. bxc5 Qxc5 25. Rfc1 Qa5 26. Ra1 Bxg2 27. Rxa4 Qxa4 28. Kxg2 Qd7 29. Rc5 Re8 30. Rb5 Qc6+ 31. Kg1 Re7 32. Rb6 Qc7 33. Rb4 g6 34. Rc4 Qa5 35. Qc1 b5 36. Rc5 Qa2 37. Rxb5 Qxe2 38. Rb8+ Kg7 39. Qc8 Qxd3 40. Qh8+ Kh6 41. Qf8+ Kh5 42. Qxe7 Kg4 43. Qh4+ Kf3 44. Qf6+ Qf5 45. Qxf5+ gxf5 46. Kf1 e4 47. Ke1 f4 48. gxf4 Kxf4 49. Rb7 f5 50. Rxh7 e3 51. fxe3+ dxe3 52. Ke2 Ke4 53. Rh3 f4 54. Rf3 Kf5 55. h4 1-0

[Event "Cerdanyola del Valles op 28th"]
[Site "Cerdanyola del Valles"]
[Date "2010.10.09"]
[Round "2"]
[White "Moya Arau, Carles"]
[Black "Esteve Cantero, Marc"]
[Result "1-0"]
[WhiteElo "1985"]
[BlackElo "1708"]
[PlyCount "33"]
[EventDate "2010.10.02"]
[EventType "swiss"]
[EventRounds "7"]
[EventCountry "ESP"]
[SourceTitle "EXT 2012"]
[Source "ChessBase"]
[SourceDate "2011.11.24"]
[SourceVersion "1"]
[SourceVersionDate "2011.11.24"]
[SourceQuality "1"]

1. e4 e6 2. d4 d5 3. Nd2 Nf6 4. e5 Nfd7 5. Bd3 c5 6. c3 Nc6 7. Ngf3 cxd4 8. cxd4 Bb4 9. 0-0 0-0 10. a3 Ba5 11. Nb3 Bb6 12. Bxh7+ Kh8 13. Ng5 g6 14. Qg4 Qe8 15. Qh4 Kg7 16. Nxe6+ fxe6 17. Qh6+ 1-0

[Event "Cerdanyola del Valles op 28th"]
[Site "Cerdanyola del Valles"]
[Date "2010.10.02"]
[Round "1"]
[White "Esteve Cantero, Marc"]
[Black "Ruiz Arenas, Carlos"]
[Result "1-0"]
[WhiteElo "1708"]
[BlackElo "1940"]
[PlyCount "45"]
[EventDate "2010.10.02"]
[EventType "swiss"]
[EventRounds "7"]
[EventCountry "ESP"]
[SourceTitle "EXT 2012"]
[Source "ChessBase"]
[SourceDate "2011.11.24"]
[SourceVersion "1"]
[SourceVersionDate "2011.11.24"]
[SourceQuality "1"]

1. c4 Nf6 2. Nc3 g6 3. e3 Bg7 4. Nf3 0-0 5. Be2 c5 6. 0-0 Nc6 7. d4 cxd4 8. exd4 d5 9. b3 Bf5 10. Be3 Rc8 11. Rc1 Qa5 12. Qd2 Rfd8 13. Rfd1 a6 14. h3 Nb4 15. Ne5 Nc6 16. Nxc6 Rxc6 17. Nxd5 Qxd2 18. Nxf6+ Bxf6 19. Rxd2 Rcd6 20. Rcd1 R6d7 21. g4 Be4 22. f3 Bc6 23. d5 1-0

[Event "ESP-ch U12"]
[Site "Linares"]
[Date "2007.07.10"]
[Round "5"]
[White "Meneses Gonzalez, Kevin Moises"]
[Black "Esteve Cantero, Marc"]
[Result "1-0"]
[WhiteElo "1687"]
[BlackElo "1417"]
[PlyCount "89"]
[EventDate "2007.07.08"]
[EventType "swiss"]
[EventRounds "9"]
[EventCountry "ESP"]
[SourceTitle "EXT 2008"]
[Source "ChessBase"]
[SourceDate "2007.11.25"]
[SourceVersion "1"]
[SourceVersionDate "2007.11.25"]
[SourceQuality "1"]

1. e4 e6 2. d4 d5 3. exd5 exd5 4. Nf3 Bd6 5. Bd3 Nd7 6. 0-0 Ngf6 7. Re1+ Be7 8. Qe2 Nb6 9. b3 h6 10. Ba3 Be6 11. Bxe7 Qxe7 12. Bf5 0-0 13. Bxe6 Qxe6 14. Qxe6 fxe6 15. Rxe6 Rfe8 16. Rxe8+ Rxe8 17. Nbd2 Nbd7 18. Re1 Rxe1+ 19. Nxe1 b6 20. c4 c5 21. Nef3 a6 22. Kf1 Kf8 23. Ke2 Ke7 24. Ne5 Ke6 25. Ndf3 Nxe5 26. Nxe5 cxd4 27. Nf3 dxc4 28. bxc4 d3+ 29. Kxd3 Ng4 30. Ke2 Kd6 31. h3 Nf6 32. Kd3 Kc5 33. a3 Nd7 34. Kc3 b5 35. cxb5 axb5 36. Nd4 g6 37. Ne6+ Kc6 38. Kb4 Ne5 39. Nd4+ Kb6 40. Nxb5 Nd3+ 41. Kc3 Nxf2 42. Nd6 Nd1+ 43. Kd4 Nb2 44. Nf7 h5 45. h4 1-0